Klimat Polski - Statystyki

Ogólne statystyki
  • Ten quiz został rozwiązany 70 razy
  • Średni wynik to 12 z 37
Statystyki odpowiedzi
Hint Odpowiedź % Poprawnych
pora roku 5°C - 15°C wiosna
79%
pora roku ponad 15°C lato
69%
W tym miesiącu jest najwięcej opadów lipiec
69%
pora roku poniżej 0°C zima
69%
pora roku 15°C - 5°C jesień
64%
pora roku 5°C - 0°C przedzimie
57%
pora roku 0°C - 5°C przedwiośnie
55%
klimat Polski umiarkowany ciepły przejściowy
40%
Średnia roczna suma opadów atmosferycznych w Polsce wynosi nieco ponad [XXX] mm 600
38%
Ta masa powietrza formuje się w okolicach Oceanu Arktycznego Powietrze Arktyczne | PA
38%
Ta masa powietrza formuje się na umiarkowanych szerokościach geograficznych Europy Wschodniej i Azji Powietrze polarne kontynentalne | PPk
33%
To powietrze przynosi wiosną wielkie upały Powietrze zwrotnikowe kontynentalne | PZk
31%
Najniższa temperatura odnotowana w Polsce - wartość w stopniach -41
29%
Ta masa powietrza jest nad polską z częstotliwością 4-10% Powietrze Arktyczne | PA
29%
Ta masa powietrza jest nad polską z częstotliwością 30-40% Powietrze polarne kontynentalne | PPk
29%
Ta masa powietrza jest nad polską z częstotliwością 45-60% Powietrze polarne morskie | PPm
29%
Ta masa powietrza formuje się nad atlantykiem Powietrze polarne morskie | PPm
29%
Ta masa powietrza formuje się w okolicy Azorów i Morza Śródziemnego Powietrze zwrotnikowe morskie | PZm
29%
Ponad ile dni średnio utrzymuje się pokrywa śnieżna w Tatrach? 200
26%
Ta masa powietrza jest nad polską z częstotliwością 1% Powietrze zwrotnikowe kontynentalne | PZk
26%
Ta masa powietrza formuje się w Azji Mniejszej, Afryce północnej Powietrze zwrotnikowe kontynentalne | PZk
26%
To powietrze przynosi babie lato Powietrze zwrotnikowe kontynentalne | PZk
26%
Ta masa powietrza jest nad polską z częstotliwością 1% Powietrze zwrotnikowe morskie | PZm
26%
To powietrze przynosi zimą gwałtowne odwilże Powietrze zwrotnikowe morskie | PZm
26%
Miejscowość gdzie odnotowano najniższą temperaturę w Polsce Siedlce
26%
Nizina Śląska i Kotlina Sandomierska - liczba dni okresu wegetacyjnego 225
21%
Ośrodek baryczny, który zimą oddziałuje na klimat Polski Niż Islandzki
21%
Pojezierze Suwalskie - liczba dni okresu wegetacyjnego 190
19%
Najwyższa temperatura odnotowana w Polsce - wartość w stopniach 40,2
19%
Miejscowość gdzie odnotowano najwyższą temperaturę w Polsce Prószków
19%
Ośrodek baryczny, który latem oddziałuje na klimat Polski Niż Azorski
14%
Średnia roczna suma opadów w Tatrach wynosi ok. [XXXXXXXX] mm 1700
12%
Nazwa na opady związane ze wznoszeniem się ogrzanego powietrza konwekcyjne
12%
Ośrodek baryczny, który DELIKATNIE zimą oddziałuje na klimat Polski Wyż Azjatycki
12%
Opady, które występują na większości obszaru Polski frontalne
7%
Nazwa umownej granicy między klimatem morskim a kontynentalnym izoamplituda 20
5%
Ile dni w roku przechodzą nad Polską fronty atmosferyczne 225
2%
Nie znaleziono quizów pasujących do podanych kryteriów
Rozkład punktacji
Procent ludzi z każdym wynikiem
Percentyl według liczby udzielonych odpowiedzi
Twoja historia wyników
Nie rozwiązałeś tego quizu